000 00368nam a22001217a 4500
008 220430b |||||||| |||| 00| 0 eng d
082 _a241.3 DHA 2021
245 _aངྷརྨ༌རཱ༌ཛ༌རྗེས༌དྲན༌གྱི༌གཏམ།
260 _aPunakha :
_bRoyal Monastic Body,
_c2021.
300 _a291 p.
_c21 cm.
650 _aDharmaraja
942 _2ddc
999 _c8961
_d8962